000355257 001__ 355257 000355257 005__ 20260201183230.0 000355257 022__ $$a2763-8960$$l2763-8960 000355257 0247_ $$2ZDBID$$aPERI:(DE-600)3181399-9 000355257 0247_ $$2ZDBPPN$$aZDPPN:1323080546 000355257 0247_ $$2EZBID$$aPERI:(DE-606)505395 000355257 0247_ $$2EZBID$$aPERI:(DE-606)505395 000355257 0247_ $$2OCLC$$aOCLC:1427524289 000355257 035__ $$aPERI:(DE-600)3181399-9 000355257 040__ $$a0005$$bger$$cDE-101$$dJOIN²$$eJOIN² journal identification 000355257 041__ $$aspa 000355257 044__ $$cXD-BR 000355257 082__ $$223sdnb$$a610$$qDE-600 000355257 08274 $$223sdnb$$a610$$qDE-600 000355257 24220 $$2DE-600$$aAsklepion$$binformação em saúde = Asklepion : health information$$yen 000355257 24220 $$2DE-600$$aAsklepion$$binformação em saúde = Asklepion : health information 000355257 245__ $$2DE-600$$aAsklepion$$binformação em saúde = Asklepion : health information$$honline 000355257 2463_ $$2DE-600$$aAsklepion 000355257 2463_ $$aAsklepion : health information 000355257 2463_ $$aAsklepion 000355257 260__ $$aRio de Janeiro$$bGrupo de Pesquisa Informação em Ciência, Tecnologia e Inovação em Saúde do Instituto Brasileiro de Informação em Ciência e Tecnologia - IBICT$$c[2021]- 000355257 2607_ $$2DOAJ$$aBrazil$$bInstituto Brasileiro de Informação em Ciência e Tecnologia (IBICT)$$d2024-02-28T15:15:03Z 000355257 26431 $$aRio de Janeiro$$bGrupo de Pesquisa Informação em Ciência, Tecnologia e Inovação em Saúde do Instituto Brasileiro de Informação em Ciência e Tecnologia - IBICT$$c[2021]- 000355257 3620_ $$2DE-600$$aV. 1, n.1 (Jan.-Jun. 2021) - 000355257 36301 $$2DE-600$$81.1\x$$a1$$b1$$i2021 000355257 380__ $$2marcgt$$ajournal 000355257 500__ $$aAutomatically generated record. (Updated: 2025-11-12) 000355257 65310 $$2EZB-Subject$$aHealth Sciences 000355257 65310 $$2DOAJ$$ainformation science$$d2024-02-28T15:15:03Z 000355257 65310 $$2DOAJ$$ahealth information$$d2024-02-28T15:15:03Z 000355257 65310 $$2DOAJ$$aMedicine$$d2024-02-28T15:15:03Z 000355257 8564_ $$d0$$uhttps://asklepionrevista.info/asklepion/about/editorialTeam$$yEditorial board 000355257 8564_ $$d0$$uhttps://asklepionrevista.info/asklepion/about/submissions$$yInstructions for Authors 000355257 8564_ $$d0$$uhttps://asklepionrevista.info/asklepion/avaliacao_pares$$yReview process 000355257 8564_ $$d0$$uhttps://asklepionrevista.info/asklepion/custos$$yAPC information 000355257 8564_ $$d0$$uhttps://asklepionrevista.info/asklepion/foco_e_escopo$$yScope 000355257 8564_ $$d0$$uhttps://asklepionrevista.info/asklepion/issue/archive$$yVerlag = kostenfrei 000355257 8564_ $$d0$$uhttps://ezb.ur.de/?3181399-9$$yEZB 000355257 8801_ $$2DE-600$$aAsklepion$$binformação em saúde = Asklepion : health information 000355257 909CO $$ooai:juser.fz-juelich.de:1035602$$pauthority$$pauthority:PERI 000355257 909CO $$ooai:juser.fz-juelich.de:1035602 000355257 915__ $$0StatID:(DE-HGF)0501$$2StatID$$aDBCoverage$$bDOAJ Seal$$d2024-02-28T15:15:03Z 000355257 915__ $$0StatID:(DE-HGF)0500$$2StatID$$aDBCoverage$$bDOAJ$$d2024-02-28T15:15:03Z 000355257 915__ $$0StatID:(DE-HGF)0030$$2StatID$$aPeer Review$$bDOAJ : Double anonymous peer review$$d2024-02-28T15:15:03Z 000355257 915__ $$0LIC:(DE-HGF)CCBYNCSANV$$2V:(DE-HGF)$$aCreative Commons Attribution-NonCommercial-ShareAlike CC BY-NC-SA (No Version)$$bDOAJ$$d2024-02-28T15:15:03Z 000355257 980__ $$aPERI 000355257 980__ $$aAUTHORITY